UBT Library

Nonviolence in America : (Record no. 40741)

000 -LEADER
fixed length control field 00831cam a2200265 a 4500
001 - CONTROL NUMBER
control field 4435023
003 - CONTROL NUMBER IDENTIFIER
control field OSt
005 - DATE AND TIME OF LATEST TRANSACTION
control field 20180123042613.0
008 - FIXED-LENGTH DATA ELEMENTS--GENERAL INFORMATION
fixed length control field 941107s1995 nyu b 001 0 eng
010 ## - LIBRARY OF CONGRESS CONTROL NUMBER
LC control number 94041973
020 ## - INTERNATIONAL STANDARD BOOK NUMBER
International Standard Book Number 1570750130
020 ## - INTERNATIONAL STANDARD BOOK NUMBER
International Standard Book Number 1570750106 (pbk.)
040 ## - CATALOGING SOURCE
Original cataloging agency DLC
Transcribing agency DLC
Modifying agency DLC
041 ## - LANGUAGE CODE
Language code of text/sound track or separate title eng
043 ## - GEOGRAPHIC AREA CODE
Geographic area code n-us---
080 ## - UNIVERSAL DECIMAL CLASSIFICATION NUMBER
Universal Decimal Classification number 303.61
082 00 - DEWEY DECIMAL CLASSIFICATION NUMBER
Classification number 303.61 LYN
Edition number 20
100 ## - Rafti
Rafti 19
101 ## - Shkurtesa
Shkurtesa SHP
245 00 - TITLE STATEMENT
Title Nonviolence in America :
Statement of responsibility, etc edited by Staughton Lynd and Alice Lynd.
504 ## - BIBLIOGRAPHY, ETC. NOTE
Bibliography, etc Includes bibliographical references and index.
906 ## - LOCAL DATA ELEMENT F, LDF (RLIN)
a 7
b cbc
c orignew
d 1
e ocip
f 19
g y-gencatlg
942 ## - ADDED ENTRY ELEMENTS (KOHA)
Source of classification or shelving scheme
Item type Books
Holdings
Withdrawn status Lost status Source of classification or shelving scheme Damaged status Not for loan Collection code Permanent location Current location Shelving location Date acquired Total Checkouts Full call number Barcode Date last seen Price effective from Koha item type
          Koleksioni i përgjithshem UBT - Lipjan UBT - Lipjan Koleksioni i përgjithshem 01/23/2018   303.61 LYN 002-2996282 01/23/2018 01/23/2018 Books
UBT Library © 2015-2024. All rights reserved University Education for Business and Technology